Представление документа в формате RUSMARC

ПолеНазваниеЗначение
  Тип записи a
  Библиографический уровень m
001 Контрольный номер afa29f434ae3469a9b2997a8b45f3a71
005 Дата корректировки 20140619113953.9
010 Индекс ISBN __
a ISBN 978-5-406-02901-5
101 Язык документа 0_
a Язык текста rus
102 Страна публикации __
a Страна публикации RU
200 Заглавие и сведения об ответственности 1_
a Заглавие Деньги, кредит, банки и денежно-кредитная система: тесты, задания, кейсы
e Сведения, относящиеся к заглавию учеб. пособие
b Общее обозначение материала Текст
f Первые сведения об ответственности под общ. ред. М.А.Абрамовой, Л.С.Александровой
g Последующие сведения об ответственности Фин. ун-т при Правительстве РФ
210 Выходные данные 1_
c Издательство КноРус
a Место издания Москва
d Дата издания 2014
215 Физическое описание __
a Объем 310 с.
225 Серия 2_
a Серия Бакалавриат
610 Ключевые слова 0_
a Ключевые слова деньги
610 Ключевые слова 0_
a Ключевые слова денежная система
610 Ключевые слова 0_
a Ключевые слова денежный оборот
610 Ключевые слова 0_
a Ключевые слова платежная система
610 Ключевые слова 0_
a Ключевые слова кредитная система
610 Ключевые слова 0_
a Ключевые слова банковская система
610 Ключевые слова 0_
a Ключевые слова Банк России
686 Индексы других классификаций __
a Классификационный индекс 65.9(2)26я73
2 Код системы rubbk
702 Вторичная интеллектуальная ответственность _1
a Фамилия Абрамова
b Имя М.А.
4 Код отношения 340
702 Вторичная интеллектуальная ответственность _1
a Фамилия Александрова
b Имя Л.С.
4 Код отношения 340
711 Наименование организации. (Альтернативная ответственность) 02
a Организация/ юрисдикция Фин. ун-т при Правительстве РФ
801 Источник записи _0
a Страна RU
b Организация РУК
c Дата составления 20140314
g Правила каталогизации PSBO
801 Источник записи _1
a Страна RU
b Организация РУК
c Дата составления 20140314
g Правила каталогизации PSBO
852 Данные о местонахождении __
i Авторский знак Д 34
j Шифр хранения ББК 65.9(2)26
901 Тип документа __
t Тип документа m
938 Служебная информация __
a Название организации Головной вуз
b Имя БД BOOK
c Название АИБС АИБС ИРБИС
952 Тип литературы __
b Гриф литературы для ВШ гриф УМО
c Вид литературы учебное пособие